| 000 | 00000nam 2200000za 4500 |
| 001 | 9.643905 |
| 003 | CaOODSP |
| 005 | 20240624082234 |
| 007 | cr ||||||||||| |
| 008 | 150407|1935||||xxc|||||o f|0| 0 fre d |
| 040 | |aCaOODSP|bfre |
| 043 | |an-cn--- |
| 086 | 1 |aCP32-127/1935F-PDF |
| 245 | 00|aEn matière de la Loi des enquêtes relatives aux affaires publiques, chap. 99, S.R.C., 1927, et en matière de la Commission d'enquête sur les camps de chômeurs, Colombie-Britannique - rapport |h[ressource électronique] / |cW.A. MacDonald, président ; C.T. McHattie et E.D. Braden, commissaires. |
| 260 | |aOttawa : |bBureau du Conseil privé, |c1935. |
| 300 | |a15 p. |
| 500 | |aPublication historique numérisée en 2009 par le Bureau du Conseil privé du Canada. |
| 590 | |a15-04-Supp|b2015-03-19 |
| 691 | 07|aChômage|2gcpds |
| 691 | 07|aCommission d'enquête|2gcpds |
| 691 | 07|aConditions de travail|2gcpds |
| 710 | 1 |aCanada. |bBureau du Conseil privé. |
| 775 | 08|tIn the matter of the Public Inquiries Act, chap. 99, R.S.C., 1927, and in the matter of the Commission on Relief Camps, British Columbia - report |w(CaOODSP)9.699946 |
| 856 | 40|ahttp://publications.gc.ca|qPDF|s783 Ko|uhttps://publications.gc.ca/collections/collection_2014/bcp-pco/CP32-127-1935-fra.pdf |